Loading...
| Literature - American | 0 | 9 | 0 | 0 | 90 | 63 | 82.89 | 0 | 4 | 0.00 | 0.00 |
| Mythology | 0 | 9 | 0 | 2 | 90 | 64 | 90.44 | 1 | 3 | 0.00 | 0.00 |
| Literature - European | 0 | 9 | 0 | 1 | 90 | 59 | 90.00 | 2 | 4 | 0.00 | 0.00 |
| Literature - World | 0 | 8 | 0 | 0 | 80 | 49 | 83.13 | 0 | 3 | 0.00 | 0.00 |
| Literature - British | 0 | 8 | 0 | 1 | 80 | 29 | 86.50 | 1 | 3 | 0.00 | 0.00 |
| Fine Arts - Classical Music | 0 | 7 | 0 | 1 | 70 | 58 | 89.86 | 2 | 5 | 0.00 | 0.00 |
| History - American | 0 | 7 | 0 | 3 | 70 | 44 | 80.71 | 0 | 3 | 0.00 | 0.00 |
| Painting/Sculpture | 0 | 7 | 0 | 0 | 70 | 39 | 78.00 | 1 | 5 | 0.00 | 0.00 |
| Philosophy | 0 | 6 | 1 | 2 | 55 | 38 | 82.33 | 0 | 4 | 0.00 | 0.00 |
| History - Other | 0 | 6 | 1 | 0 | 55 | 17 | 72.00 | 0 | 3 | 0.00 | 0.00 |
| History - World | 0 | 5 | 0 | 1 | 50 | 52 | 74.40 | 0 | 1 | 0.00 | 0.00 |
| Science - Physics | 0 | 5 | 0 | 1 | 50 | 74 | 94.40 | 0 | 1 | 0.00 | 0.00 |
| History - European | 0 | 5 | 1 | 1 | 45 | 59 | 79.80 | 0 | 1 | 0.00 | 0.00 |
| Religion | 0 | 4 | 0 | 1 | 40 | 78 | 89.00 | 1 | 1 | 0.00 | 0.00 |
| Science - Chemistry | 0 | 4 | 2 | 0 | 30 | 51 | 72.50 | 0 | 2 | 0.00 | 0.00 |
| Fine Arts - Other | 0 | 4 | 2 | 2 | 30 | 53 | 92.25 | 0 | 1 | 0.00 | 0.00 |
| Science - Other | 0 | 3 | 0 | 2 | 30 | 92 | 96.33 | 0 | 0 | 0.00 | 0.00 |
| Science - Biology | 0 | 3 | 0 | 1 | 30 | 57 | 82.00 | 1 | 1 | 0.00 | 0.00 |
| Geography | 0 | 2 | 1 | 2 | 15 | 104 | 111.50 | 0 | 0 | 0.00 | 0.00 |
| Social Science | 0 | 1 | 0 | 0 | 10 | 56 | 56.00 | 0 | 1 | 0.00 | 0.00 |
| Pop Culture | 0 | 1 | 0 | 0 | 10 | 64 | 64.00 | 0 | 0 | 0.00 | 0.00 |
| Current Events | 0 | 1 | 0 | 0 | 10 | 20 | 20.00 | 1 | 1 | 0.00 | 0.00 |